TEXTBOOK OF CRIMINOLOGY PENOLOGY AND VICTIMOLOGY (Record no. 10971)
[ view plain ]
| 000 -LEADER | |
|---|---|
| fixed length control field | 00375nam a22001457a 4500 |
| 003 - CONTROL NUMBER IDENTIFIER | |
| control field | SGT |
| 020 ## - INTERNATIONAL STANDARD BOOK NUMBER | |
| International Standard Book Number | 9789350513194 |
| 082 ## - DEWEY DECIMAL CLASSIFICATION NUMBER | |
| Classification number | 364.6,MOH |
| 100 ## - MAIN ENTRY--PERSONAL NAME | |
| Personal name | MOHANTY R.K. |
| 245 ## - TITLE STATEMENT | |
| Title | TEXTBOOK OF CRIMINOLOGY PENOLOGY AND VICTIMOLOGY |
| 260 ## - PUBLICATION, DISTRIBUTION, ETC. (IMPRINT) | |
| Place of publication, distribution, etc | NEW DELHI |
| Name of publisher, distributor, etc | HIMALAYA PUBLICATION |
| Year of Publication | 2015 |
| 300 ## - PAGE DESCRIPTION | |
| No. of Pages | 481 |
| 650 ## - SUBJECT ADDED ENTRY--TOPICAL TERM | |
| Topical term or geographic name as entry element | CRIMINOLOGY PENOLOGY AND VICTIMOLOGY |
| 942 ## - ADDED ENTRY ELEMENTS (KOHA) | |
| Source of classification or shelving scheme | Dewey Decimal Classification |
| Koha item type | Books |
| Withdrawn status | Lost status | Source of classification or shelving scheme | Damaged status | Not for loan | Collection code | Home library | Current library | Shelving location | Date acquired | Vendor Name | Cost, normal purchase price | SGTU | Bill Number | Full call number | Accession No. (Barcode) | Date last seen | Bill Date | Koha item type | Total Checkouts | Date last borrowed | Total Renewals |
|---|---|---|---|---|---|---|---|---|---|---|---|---|---|---|---|---|---|---|---|---|---|
| Dewey Decimal Classification | Not For Loan | LAW | SGT Science & Social Sciences Library | SGT Science & Social Sciences Library | Reference Book | 17/02/2017 | COMMERICAL BOOK HOUSE | 150.00 | SGTU | 45 | 364.6,MOH | FL1269 | 17/02/2017 | 20/04/2016 | Books | ||||||
| Dewey Decimal Classification | LAW | SGT Science & Social Sciences Library | SGT Science & Social Sciences Library | Text Book | 17/02/2017 | COMMERICAL BOOK HOUSE | 150.00 | SGTU | 45 | 364.6,MOH | FL1270 | 23/01/2020 | 20/04/2016 | Books | 3 | 08/01/2020 | |||||
| Dewey Decimal Classification | LAW | SGT Science & Social Sciences Library | SGT Science & Social Sciences Library | Text Book | 17/02/2017 | COMMERICAL BOOK HOUSE | 150.00 | SGTU | 45 | 364.6,MOH | FL1271 | 29/03/2019 | 20/04/2016 | Books | 3 | 09/03/2019 | 1 |